000 00648nam a22002297a 4500
003 UA-OsUOA
001 100693
007 ta
008 20130529b un ||||| |||| 00| 0 ukr d
100 _aХарджиев Н.
090 _a821.161.1
_bХ20
942 _cBK
040 _aUA-OsUOA
_brus
_cUA-OsUOA
_dUA-OsUOA
245 _aНедолгая жизнь Павла Федотова
_bповесть
300 _a240 с.
955 _a3
041 _arus
080 _a821.161.1
260 _aМ.
_bСоветский писатель
_c1991
650 7 _a82 Література. Літературознавство
_2UDC
999 _c386875
_d386875